000 00682nas a2200205 454500
001 15104
005 20260407193505.0
008 260407s2012####ag###########|||spa#d
003 AR-UNSa-BCEJYS
040 _aAR-UNSa-BCEJYS
_bspa
_cAR-UNSa-BCEJYS
080 _a349.2
_xDerecho del Trabajo
245 1 0 _aCompendio de Legislación laboral
264 1 _aBuenos Aires :
_bAbeledo Perrot
_c2012
310 _aFrecuencia: Anual
942 _cSER
590 _aniveau_biblio:s niveau_hierar:1
100 1 _aGrisolia, Julio Armando
650 _aDerecho laboral
856 4 1 _uhttps://biblioeco.unsa.edu.ar/pmb/images/revistas/Compendio de Legislaci?n Laboral.jpg
_yImagen de portada
_qimage/jpeg
999 _c8471
_d8471